000 00548nam a2200169 4500
001 137007
003 ES-MaACL
005 20230906195303.0
007 t|
008 070214s1985 sp r ||||1| spa d
100 1 _aSalán Padierna, Rosario.
_9101710
245 1 3 _aEl tributo de Antígona
_b: [selección de poemas inéditos] /
_cRosario Salán Padierna.
260 _a[S. l. :
_bs. n.],
_c1985 (
_eMadrid :
_fTomás Hnos.)
300 _a84 p. ;
_c21 cm.
500 _aDedicatoria autógrafa del autor.
852 _aES-MaACL
_jL-13054
_bR.116353
999 _c137007
_d137007